گہر ا د ب (تنقيد ی مضا مين ) (Record no. 169608)

MARC details
000 -LEADER
fixed length control field 00670nam a22001937a 4500
005 - DATE AND TIME OF LATEST TRANSACTION
control field 20191126152240.0
010 ## - LCCN (DPL NO)
LC control number UR-10625
020 ## - INTERNATIONAL STANDARD BOOK NUMBER
Terms of availability 145.00
International Standard Book Number 9789388736930
035 ## - SYSTEM CONTROL NUMBER
System control number U-9180
037 ## - SOURCE OF ACQUISITION
Source of stock number/acquisition DBAD/PUB
Stock number -
082 ## - DEWEY DECIMAL CLASSIFICATION NUMBER
Classification number 844.08
100 ## - MAIN ENTRY--PERSONAL NAME
Personal name سر و ر حسين
245 ## - TITLE STATEMENT
Title گہر ا د ب (تنقيد ی مضا مين )
Statement of responsibility, etc سر و ر حسين
246 ## - VARYING FORM OF TITLE
Remainder of title Gohar-e-Adab(LIterary Articles) (Urdu)
Title proper/short title by Sarwar Hussain
260 ## - PUBLICATION, DISTRIBUTION, ETC. (IMPRINT)
Place of publication, distribution, etc Delhi
Name of publisher, distributor, etc Educational Publishing House
Date of publication, distribution, etc 2019 ء
270 ## - ADDRESS
Address 3191,Vakil Street, Kucha Pandit,Lal Kuan,
City Delhi
Postal code 110006
Telephone number 01123216162
Fax number -
300 ## - PHYSICAL DESCRIPTION
Extent 230 ص
Dimensions 22 Cm(Hb)
942 ## - ADDED ENTRY ELEMENTS (KOHA)
Source of classification or shelving scheme Dewey Decimal Classification
Item type Urdu Bks
Classification part 844.08
Call number suffix س ر و
Holdings
Withdrawn status Lost status Not for loan Collection code Home library Current library Date acquired Source of acquisition Cost, normal purchase price Full call number Barcode Copy number Cost, replacement price Koha item type
    Not For Loan Non-fiction D.B.Act.Division D.B.Act.Division 26/11/2019 DBAD/PUB 145.00 844.08 س ر و U-9180 1 145.00 Urdu Bks

© Delhi Public Library
Hit Counter
free hit counter